| 000 | 00378nam a2200145Ia 4500 | ||
|---|---|---|---|
| 008 | 210210b1967 xxu||||| |||| 00| 0 eng d | ||
| 082 | _a959.801 CHAH | ||
| 100 | _aCHATTERJI (B R). | ||
| 245 | _aHistory of Indonesia early and medieval. Ed 3. | ||
| 250 | _a | ||
| 260 |
_aMeerut. _bMeenakshi Prakashan., _c1967 |
||
| 300 | _avi,205 | ||
| 690 | _aWorld History | ||
| 906 | _a033129 | ||
| 999 |
_c83857 _d83857 |
||